| 000 | 00535nam a22001817i 4500 | ||
|---|---|---|---|
| 999 |
_c22857 _d22857 |
||
| 003 | AR-CdUCM | ||
| 008 | 240502b20212021pe ||||| |||| 00| 0 spa d | ||
| 020 | _a978-612-48312-5-6 | ||
| 040 |
_aMUNICIPALIDAD PROVINCIAL DEL CUSCO _cBIBLIOTECA MUNICIPAL DEL CUSCO |
||
| 041 | _hspa | ||
| 082 |
_a869.56 / C1336T _bC1336T |
||
| 100 |
_aCabrera Gómez, Jorge _949682 |
||
| 245 | _aTres ingenieros / | ||
| 260 |
_aLima : _bAlmandino Editores, _c2021. |
||
| 300 |
_a198 páginas. : _c21cm. |
||
| 942 |
_2ddc _cLIBROS |
||
| 945 |
_apbj _d2024-05-02 |
||